[Event "Ciechocinek KPZ-ch (Women)"]
[Site "Ciechocinek"]
[Date "2002.??.??"]
[Round "9"]
[White "Wesolowska, Magdalena"]
[Black "Urbanska, Anna"]
[Result "1/2-1/2"]
[WhiteElo "1800"]
[BlackElo "1600"]
[PlyCount "140"]
[EventDate "2002.??.??"]
[EventType "tourn"]
[EventRounds "9"]
[EventCountry "POL"]
[SourceTitle "EXT 2007"]
[Source "ChessBase"]
[SourceDate "2006.11.23"]
[SourceVersion "1"]
[SourceVersionDate "2006.11.23"]
[SourceQuality "1"]

1. d4 d5 2. c4 c6 3. Nc3 Nf6 4. Nf3 dxc4 5. e3 b5 6. a4 Nd5 7. Ne4 Bf5 8. Nc5 Nb4 9. e4 Bg4 10. axb5 Bxf3 11. gxf3 cxb5 12. b3 N8c6 13. Be3 e6 14. bxc4 Bxc5 15. dxc5 Qxd1+ 16. Rxd1 Nc2+ 17. Kd2 Nxe3 18. Kxe3 b4 19. Rd6 Ne5 20. f4 Ng4+ 21. Kf3 Nf6 22. e5 Nd7 23. c6 Nc5 24. Be2 0-0 25. Rhd1 Rac8 26. Ra1 Rc7 27. Ra5 Nb3 28. Rb5 Rxc6 29. Rxb4 Rxd6 30. exd6 Nd4+ 31. Ke4 Nxe2 32. d7 Rd8 33. Ke5 Kf8 34. Kd6 Nd4 35. c5 Nf5+ 36. Kc7 Ke7 37. c6 Nd6 38. Ra4 Nb5+ 39. Kb7 Rxd7+ 40. cxd7 Kxd7 41. Ka6 Nc3 42. Rd4+ Ke7 43. Rc4 Nd5 44. Kxa7 Kf6 45. Kb7 Kf5 46. Kc6 Nxf4 47. Kd6 Nd3 48. Rc7 Kf6 49. Rc3 Ne5 50. h3 g5 51. Kc5 Kf5 52. Kd4 Kf4 53. Re3 Nf3+ 54. Kc5 Nd2 55. Kd4 h5 56. Kd3 Nf1 57. Re1 Nh2 58. Ke2 f5 59. Ra1 g4 60. h4 Nf3 61. Ra4+ Ke5 62. Ra5+ Kf6 63. Ra1 Nxh4 64. Rh1 Ng6 65. Ke3 Kg5 66. Ra1 h4 67. Rg1 Ne5 68. f4+ Kf6 69. fxe5+ Kxe5 70. Rh1 h3 1/2-1/2